000 00728nam a2200265Ia 4500
005 20250425161925.0
008 250425s9999 xx 000 0 und d
020 _a0910591237
041 _aspa
043 _amx
082 _a614
100 _aKINDIG, DAVID A.
245 0 _aCASOS EN ADMINISTRACION DE SERVICIOS DE SALUD: UN ENFOQUE A LA SOLUCION DE PROBLEMAS
250 _aS.E.
260 _aMéxico
_bUNIVERSITY OF WICONSIN-MADISON
_c1989
260 _aS.L.
300 _a180
650 _aADMINISTRACION DE LA SALUD
650 _aEDUCACION PARA LA SALUD
650 _aSERVICIOS DE SALUD
650 _aSOLUCION DE PROBLEMAS
710 _aUNIVERSITY OF WISCONSIN MADISON
942 _c01
010 _a35153
999 _c218964
_d218964